Marketing A Financial Approch (Record no. 152720)

MARC details
000 -LEADER
fixed length control field 00882nam a22002777a 4500
005 - DATE AND TIME OF LATEST TRANSACTION
control field 20180712102524.0
008 - FIXED-LENGTH DATA ELEMENTS--GENERAL INFORMATION
fixed length control field 180614b xxu||||| |||| 00| 0 eng d
010 ## - LCCN (DPL NO)
LC control number A-946006
020 ## - INTERNATIONAL STANDARD BOOK NUMBER
International Standard Book Number 8174790101
Terms of availability 0.00
035 ## - SYSTEM CONTROL NUMBER
System control number A-946006, A-946003
037 ## - SOURCE OF ACQUISITION
Source of stock number/acquisition BPPD / PUB
040 ## - CATALOGING SOURCE
Original cataloging agency dpl
Language of cataloging English
082 ## - DEWEY DECIMAL CLASSIFICATION NUMBER
Classification number 380.1 MOH
100 ## - MAIN ENTRY--PERSONAL NAME
Personal name Mohamed, H. Peepu
245 ## - TITLE STATEMENT
Title Marketing A Financial Approch
Statement of responsibility, etc by H. Peepu Mohamed
260 ## - PUBLICATION, DISTRIBUTION, ETC. (IMPRINT)
Place of publication, distribution, etc New Delhi
Name of publisher, distributor, etc Kaveri Books
Date of publication, distribution, etc 1997
270 ## - ADDRESS
Address 4697/5-21A, Ansari Road,
City New Delhi
Postal code 110002
300 ## - PHYSICAL DESCRIPTION
Extent 273 p. ;
Dimensions 22cm(Hb)
500 ## - GENERAL NOTE
General note Includes index.
650 ## - SUBJECT ADDED ENTRY--TOPICAL TERM
Topical term or geographic name as entry element Infant psychology.
650 ## - SUBJECT ADDED ENTRY--TOPICAL TERM
Topical term or geographic name as entry element Social perception in children.
650 ## - SUBJECT ADDED ENTRY--TOPICAL TERM
Topical term or geographic name as entry element Social interaction in infants.
650 ## - SUBJECT ADDED ENTRY--TOPICAL TERM
Topical term or geographic name as entry element Interpersonal relations in children.
650 ## - SUBJECT ADDED ENTRY--TOPICAL TERM
Topical term or geographic name as entry element Other minds (Theory of knowledge)
942 ## - ADDED ENTRY ELEMENTS (KOHA)
Source of classification or shelving scheme Dewey Decimal Classification
Item type English Books
Classification part 380.1
Call number suffix MOH
Holdings
Withdrawn status Lost status Source of classification or shelving scheme Damaged status Not for loan Collection code Home library Current library Date acquired Source of acquisition Cost, normal purchase price Total Checkouts Full call number Barcode Date last seen Cost, replacement price Koha item type
    Dewey Decimal Classification     Non-fiction Patel Nagar Patel Nagar 12/07/2018 BPPD/PUB 0.00   380.1 MOH A-946003 12/07/2018 0.00 English Books
    Dewey Decimal Classification     Non-fiction Shahdara Branch Shahdara Branch 14/06/2018 BPPD/PUB 0.00   380.1 MOH A-946006 14/06/2018 0.00 English Books

© Delhi Public Library
Hit Counter
free hit counter